[Event "DVM U12 2021"]
[Site "Naumburg (Saale) GER"]
[Date "2022.03.26"]
[Round "2"]
[White "Wolf, Anna"]
[Black "Etzold, Emil"]
[Result "1-0"]
[Termination "normal"]
[Board "8.4"]
[WhiteElo "1205"]
[BlackElo "953"]
[WhiteTeam "Vorwärts Orient Mainz"]
[BlackTeam "SV Weißblau Allianz Leipzig e.V."]
[WhiteFideId "34616993"]
[BlackFideId "34617205"]
[EventCountry "GER"]
[EventRounds "6"]
[EventType "team-swiss"]
[EventDate "2022.03.24"]

1. e4 d5 2. exd5 Nf6 3. Nf3 Nxd5 4. d4 Nb6 5. Nc3 Nc6 6. Bf4 a6 7. Be2 Bf5 8.
a3 e6 9. Bg3 Be7 10. O-O O-O 11. Re1 Bf6 12. Be5 Bxe5 13. Nxe5 Nxe5 14. dxe5
Qg5 15. Bf3 Nc4 16. b3 Nd2 17. Rc1 f6 18. Bxb7 Bh3 19. Re3 Rab8 20. Rxh3 Rxb7
21. Rh5 Qg6 22. exf6 Rxf6 23. Rh3 Qg5 24. Re3 Rg6 25. Rg3 Qh6 26. Rxg6 hxg6 27.
Qe1 Kh7 28. Rd1 Nxb3 29. cxb3 Rxb3 30. a4 Qh5 31. Rc1 Qg5 32. Ne4 Qe5 33. Rc5
Qb2 34. Ng5+ Kh6 35. Nxe6 Qb1 36. Re5 a5 37. Nxc7 Kh7 38. Ne8 Kh6 39. g3 Qb2
40. Rxa5 Qc3 41. Qxc3 Rxc3 42. Kg2 g5 43. Ra6+ Kh5 44. Nxg7+ Kg4 45. h3# 1-0

[Event "DVM U12 2021"]
[Site "Naumburg (Saale) GER"]
[Date "2022.03.26"]
[Round "2"]
[White "Fruth, David"]
[Black "Cheng, Noah"]
[Result "1-0"]
[Termination "normal"]
[Board "9.1"]
[WhiteElo "1607"]
[BlackElo "1229"]
[WhiteTeam "USV TU Dresden"]
[BlackTeam "Schachverein Erftstadt e. V."]
[WhiteFideId "16257596"]
[BlackFideId "16294637"]
[EventCountry "GER"]
[EventRounds "6"]
[EventType "team-swiss"]
[EventDate "2022.03.24"]

1. e4 e6 2. d4 d5 3. Nc3 Bb4 4. exd5 exd5 5. Bd3 Nf6 6. h3 O-O 7. Nge2 Be6 8.
O-O Qd7 9. Bg5 Be7 10. Nf4 c6 11. Re1 Bf5 12. Rxe7 Qxe7 13. Bxf5 h6 14. Ncxd5
cxd5 15. Nxd5 Nxd5 16. Bxe7 Nxe7 17. Be4 Nec6 18. c3 Nd7 19. Qb3 Rab8 20. Bxc6
bxc6 21. Qa3 Rb7 22. Re1 Nb8 23. b3 Rd8 24. Re7 Rbd7 25. Rxd7 Rxd7 26. Kf1 f6
27. Qb4 Rd8 28. Qe7 Rf8 29. Qxa7 Kh7 30. Qb7 Kg6 31. a4 Rd8 32. a5 h5 33. a6
Nxa6 34. Qxa6 c5 35. dxc5 Rd1+ 36. Ke2 Rd7 37. c6 1-0

[Event "DVM U12 2021"]
[Site "Naumburg (Saale) GER"]
[Date "2022.03.26"]
[Round "2"]
[White "Cordier, Jakob"]
[Black "Eichner, Tim"]
[Result "1-0"]
[Termination "normal"]
[Board "9.2"]
[WhiteElo "1335"]
[BlackElo "1460"]
[WhiteTeam "Schachverein Erftstadt e. V."]
[BlackTeam "USV TU Dresden"]
[WhiteFideId "34617221"]
[BlackFideId "34617213"]
[EventCountry "GER"]
[EventRounds "6"]
[EventType "team-swiss"]
[EventDate "2022.03.24"]

1. d4 d5 2. c4 c6 3. Nc3 Nf6 4. Nf3 e6 5. Bg5 Be7 6. e3 h6 7. Bh4 dxc4 8. Bxc4
b5 9. Bb3 Nbd7 10. O-O Bb7 11. Bc2 a6 12. Ne4 O-O 13. Rc1 Nd5 14. Bxe7 Qxe7 15.
Bb3 Rac8 16. Nc5 Nxc5 17. Rxc5 Rfd8 18. Qc2 Nb4 19. Qd2 a5 20. a3 Na6 21. Rc3
a4 22. Ba2 c5 23. Qc1 Bxf3 24. gxf3 c4 25. b3 axb3 26. Bxb3 Nc7 27. Bd1 Nd5 28.
Rc2 c3 29. e4 Nb6 30. Rxc3 Rxc3 31. Qxc3 Nc4 32. a4 Rc8 33. axb5 Nd6 34. Qb2
Qg5+ 35. Kh1 Nxb5 36. Rg1 Qh5 37. f4 Qh3 38. Qxb5 g6 39. Rg3 Qh4 40. Qe5 Rc1
41. Rg1 Qxf2 42. Qb8+ Kg7 43. Qb3 Qxd4 44. Qf3 Kh7 45. f5 exf5 46. exf5 g5 47.
Qh5 Kg8 48. h4 Kf8 49. Qxh6+ Ke7 50. Qxg5+ f6 51. Qg7+ Kd6 52. Qf8+ Kc7 53.
Qe7+ Kb6 54. Qe6+ Ka5 55. Qb3 Qxh4+ 56. Kg2 Qg5+ 57. Qg3 Qd2+ 58. Qf2 Qg5+ 59.
Kh1 Qh6+ 60. Qh2 Qe3 61. Qa2+ Kb4 62. Qb2+ Kc5 63. Qg2 Kb6 64. Qb2+ Kc5 65. Rf1
Qh3+ 66. Kg1 Qe3+ 67. Qf2 Qxf2+ 68. Kxf2 Kd4 69. Kf3 Rc3+ 70. Kg4 Ke5 71. Re1+
Kd6 72. Bf3 Rc5 73. Re6+ Kd7 74. Rxf6 Ke7 75. Kg5 Re5 76. Bg4 Re1 77. Re6+ Rxe6
78. fxe6 Kf8 79. Kf6 Ke8 80. Bh5+ Kf8 81. e7+ Kg8 82. e8=Q+ Kh7 83. Qf7+ Kh8
84. Qg7# 1-0

[Event "DVM U12 2021"]
[Site "Naumburg (Saale) GER"]
[Date "2022.03.26"]
[Round "2"]
[White "Sato, Kai Nathan"]
[Black "Schmitz, Constantin"]
[Result "1/2-1/2"]
[Termination "normal"]
[Board "9.3"]
[WhiteElo "1151"]
[BlackElo "1290"]
[WhiteTeam "USV TU Dresden"]
[BlackTeam "Schachverein Erftstadt e. V."]
[WhiteFideId "34605630"]
[BlackFideId "16274660"]
[EventCountry "GER"]
[EventRounds "6"]
[EventType "team-swiss"]
[EventDate "2022.03.24"]

1. e4 c5 2. Nf3 Nc6 3. d4 cxd4 4. Nxd4 g6 5. c4 Bg7 6. Be3 Nf6 7. Nc3 O-O 8.
Be2 d6 9. O-O Bd7 10. h3 Qc7 11. Qd2 Rfe8 12. b3 a6 13. f3 Nh5 14. f4 Ng3 15.
Rf3 Nxe2+ 16. Ndxe2 Rac8 17. Rb1 Nd8 18. Nd5 Qb8 19. f5 Bc6 20. fxg6 hxg6 21.
Rbf1 Bxd5 22. exd5 b5 23. Qd3 bxc4 24. bxc4 Qb2 25. a3 Rb8 26. Bc1 Qb6+ 27. Kh1
Rf8 28. Nf4 Nb7 29. Qe4 1/2-1/2

[Event "DVM U12 2021"]
[Site "Naumburg (Saale) GER"]
[Date "2022.03.26"]
[Round "2"]
[White "Sander, Manuel"]
[Black "Nebes, Joel"]
[Result "1/2-1/2"]
[Termination "normal"]
[Board "9.4"]
[WhiteElo "926"]
[BlackElo "1187"]
[WhiteTeam "Schachverein Erftstadt e. V."]
[BlackTeam "USV TU Dresden"]
[WhiteFideId "34617060"]
[BlackFideId "34617108"]
[EventCountry "GER"]
[EventRounds "6"]
[EventType "team-swiss"]
[EventDate "2022.03.24"]

1. e4 e5 2. Nf3 Nc6 3. d4 exd4 4. Bc4 Nf6 5. O-O Bc5 6. e5 d5 7. Bb5 Ne4 8. c3
dxc3 9. Nxc3 Nxc3 10. bxc3 Bg4 11. Re1 O-O 12. Bd3 Re8 13. h3 Bh5 14. g4 Bg6
15. Bxg6 hxg6 16. Bg5 Be7 17. Bxe7 Rxe7 18. Rb1 b6 19. Re3 Qd7 20. c4 d4 21.
Re4 Rae8 22. Rb5 f6 23. Rd5 Qc8 24. Qe2 d3 25. Qb2 d2 26. Rxd2 Nxe5 27. Nxe5
Rxe5 28. Red4 Qa8 29. Rd5 Re1+ 30. Kg2 Qc6 31. Qb5 Qxb5 32. cxb5 Rb1 33. a4 Ra1
34. R5d4 Kh7 35. f4 Re3 36. Rc2 Rb3 37. Re2 Rba3 38. Ree4 f5 39. gxf5 gxf5 40.
Re5 Rxa4 41. Rxa4 Rxa4 42. Rxf5 Rb4 43. Kg3 Ra4 44. Rf7 Rc4 45. Rf5 c6 46. Kg4
cxb5 47. Rxb5 Ra4 48. Kg5 Ra1 49. h4 a5 50. Rxb6 a4 51. Ra6 a3 52. f5 a2 53.
Kh5 Kh8 54. Ra7 Kg8 55. Ra8+ Kf7 56. Ra7+ Kf6 57. Ra5 Rh1 58. Rxa2 Kxf5 59.
Rf2+ Ke6 1/2-1/2

[Event "DVM U12 2021"]
[Site "Naumburg (Saale) GER"]
[Date "2022.03.26"]
[Round "3"]
[White "Burlutskaia, Maria"]
[Black "Burkart, Lloyd Shang"]
[Result "1-0"]
[Termination "normal"]
[Board "7.1"]
[WhiteElo "1420"]
[BlackElo "1681"]
[WhiteTeam "Tischtennisclub Grün-Weiß Fritzdorf 1958 e. V."]
[BlackTeam "TuS Makkabi Ffm"]
[WhiteFideId "34607137"]
[BlackFideId "16239059"]
[EventCountry "GER"]
[EventRounds "6"]
[EventType "team-swiss"]
[EventDate "2022.03.24"]

1. e4 c5 2. Nc3 d6 3. f4 Nc6 4. Bb5 g6 5. Bxc6+ bxc6 6. d3 Rb8 7. Nf3 Bg4 8. h3
Bxf3 9. Qxf3 Qc7 10. O-O Bg7 11. f5 Nf6 12. g4 O-O 13. Ne2 Kh8 14. h4 Nd7 15.
c3 Rg8 16. g5 Rbf8 17. h5 Ne5 18. Qh3 gxf5 19. exf5 Qd7 20. Kh2 Rb8 21. g6 h6
22. Nf4 a5 23. d4 cxd4 24. cxd4 Nc4 25. gxf7 Rgf8 26. Ng6+ Kh7 27. Nxf8+ Rxf8
28. Qg4 Rxf7 29. Qg6+ Kg8 30. b3 Nb6 31. Bxh6 Kf8 32. Rg1 Ke8 33. Bxg7 d5 34.
h6 Qc7+ 35. Be5 Qb7 36. h7 1-0

[Event "DVM U12 2021"]
[Site "Naumburg (Saale) GER"]
[Date "2022.03.26"]
[Round "3"]
[White "Shkundin, Maximilian"]
[Black "Roos Nazario, Valentin"]
[Result "0-1"]
[Termination "normal"]
[Board "7.2"]
[WhiteElo "1375"]
[BlackElo "1140"]
[WhiteTeam "TuS Makkabi Ffm"]
[BlackTeam "Tischtennisclub Grün-Weiß Fritzdorf 1958 e. V."]
[WhiteFideId "16287258"]
[BlackFideId "16295722"]
[EventCountry "GER"]
[EventRounds "6"]
[EventType "team-swiss"]
[EventDate "2022.03.24"]

1. e4 c5 2. Nc3 d6 3. f4 g6 4. Bc4 Nc6 5. Nf3 Bg7 6. O-O Nf6 7. d3 O-O 8. Qe1
Bg4 9. Qg3 Bxf3 10. Qxf3 Nd4 11. Qd1 a6 12. a4 Rb8 13. Ba2 b5 14. a5 Qc7 15.
Nd5 Nxd5 16. Bxd5 e6 17. Ba2 Qxa5 18. c3 Nc6 19. f5 Qb6 20. Be3 exf5 21. exf5
Rbe8 22. Qf3 Ne5 23. Qg3 d5 24. f6 Bxf6 25. d4 Nc4 26. dxc5 Qc6 27. Bxc4 dxc4
28. Rad1 Rd8 29. Rd6 Rxd6 30. Qxd6 Qxd6 31. cxd6 Be5 32. d7 Bc7 33. Rd1 f6 34.
Bc5 Ra8 35. Be7 Bd8 36. Bc5 Kf7 37. Re1 Rb8 38. Re8 a5 39. Be7 Bb6+ 40. Kf1
Rxe8 41. dxe8=Q+ Kxe8 42. Bxf6 Kf7 43. Bg5 b4 44. cxb4 axb4 45. Bd2 Ba5 46. Ke2
Ke6 47. Ke3 Kd5 48. h3 c3 49. Bc1 Kc4 50. bxc3 Kxc3 51. Ke4 b3 52. Kf4 Kc2 53.
Ba3 Bb4 54. Bxb4 b2 55. Kg5 b1=Q 56. Bf8 Qf1 1-0

[Event "DVM U12 2021"]
[Site "Naumburg (Saale) GER"]
[Date "2022.03.26"]
[Round "3"]
[White "Mombauer, Felix"]
[Black "Rohatgi, Kushagra"]
[Result "0-1"]
[Termination "normal"]
[Board "7.3"]
[WhiteElo "1240"]
[BlackElo "1339"]
[WhiteTeam "Tischtennisclub Grün-Weiß Fritzdorf 1958 e. V."]
[BlackTeam "TuS Makkabi Ffm"]
[WhiteFideId "34608249"]
[BlackFideId "34603212"]
[EventCountry "GER"]
[EventRounds "6"]
[EventType "team-swiss"]
[EventDate "2022.03.24"]

1. d4 d5 2. c4 c6 3. Nc3 Nf6 4. e3 Bf5 5. Nf3 e6 6. cxd5 cxd5 7. Bb5+ Nbd7 8.
Bd2 Bd6 9. Rc1 O-O 10. O-O Rc8 11. Ba4 Nb6 12. Bc2 Bg4 13. h3 Bh5 14. e4 dxe4
15. Bxe4 Nxe4 16. Nxe4 Rxc1 17. Bxc1 Qc7 18. Nxd6 Qxd6 19. Be3 Nd5 20. a3 Rc8
21. g4 Bg6 22. Kg2 Rd8 23. Qa4 Nf4+ 24. Bxf4 Qxf4 25. Nh2 Qxd4 26. b4 a6 27.
Kg1 Qd7 28. Qb3 Qd3 29. Qxd3 Rxd3 30. Rc1 h6 31. Rc8+ Kh7 32. Rc7 Rxa3 33. Rxb7
Ra1+ 34. Nf1 Bd3 35. Rxf7 Bxf1 36. Kh2 Bb5 37. Re7 Rb1 38. Rxe6 Rxb4 39. Re7
Ra4 40. Kg3 a5 41. Kh4 Ra1 42. f4 Kg6 43. Rb7 Bf1 44. f5+ Kf6 45. Rb6+ Ke5 46.
Re6+ Kd4 47. Rg6 Ra3 48. g5 Rxh3+ 49. Kg4 hxg5 50. Rxg7 Rh1 51. Rd7+ Ke5 52.
Re7+ Kf6 53. Re6+ Kf7 54. Re3 Rg1+ 55. Kf3 Kf6 56. Kf2 Rh1 57. Ra3 Ba6 58. Rxa5
Bc8 59. Kg2 Rh7 60. Kg3 Bxf5 61. Ra6+ Be6 62. Ra5 g4 63. Ra4 Rh3+ 64. Kg2 Rf3
65. Re4 Kf5 66. Rd4 Kg5 67. Re4 Bd5 68. Re2 Re3+ 69. Kf2 Rxe2+ 70. Kxe2 Kf4 71.
Kf2 g3+ 72. Kg1 Kf3 73. Kf1 Bc4+ 74. Ke1 g2 75. Kd2 g1=Q 76. Kc3 Qe3+ 77. Kb4
Qd4 78. Ka4 Ba6+ 79. Ka5 Qb2 80. Kxa6 Ke4 81. Ka5 Kd5 82. Ka4 Kc5 83. Ka5 Qb5#
0-1

[Event "DVM U12 2021"]
[Site "Naumburg (Saale) GER"]
[Date "2022.03.26"]
[Round "3"]
[White "Zhao, Yunsheng"]
[Black "Mende, Magnus"]
[Result "1-0"]
[Termination "normal"]
[Board "7.4"]
[WhiteElo "1105"]
[BlackElo "737"]
[WhiteTeam "TuS Makkabi Ffm"]
[BlackTeam "Tischtennisclub Grün-Weiß Fritzdorf 1958 e. V."]
[WhiteFideId "16299280"]
[BlackFideId "34617124"]
[EventCountry "GER"]
[EventRounds "6"]
[EventType "team-swiss"]
[EventDate "2022.03.24"]

1. e4 e5 2. Nf3 Nc6 3. Bc4 Bc5 4. c3 Nf6 5. d4 exd4 6. cxd4 Bb4+ 7. Bd2 Nxe4 8.
Bxb4 Nxb4 9. Bxf7+ Kxf7 10. Qb3+ Ke8 11. Qxb4 d6 12. O-O Kf8 13. Re1 Ng5 14.
Nxg5 Qxg5 15. Re3 Kf7 16. Nc3 c5 17. dxc5 dxc5 18. Qc4+ Kf6 19. Ne4+ Ke7 20.
Nxg5+ Kd6 21. Rd1+ Kc6 22. Qd5+ Kb6 23. Rb3+ Ka6 24. Qc4+ Ka5 25. Qb5# 1-0

[Event "DVM U12 2021"]
[Site "Naumburg (Saale) GER"]
[Date "2022.03.26"]
[Round "3"]
[White "Cheng, Noah"]
[Black "Merenda, Lukas-Benedikt"]
[Result "1/2-1/2"]
[Termination "normal"]
[Board "8.1"]
[WhiteElo "1229"]
[BlackElo "1479"]
[WhiteTeam "Schachverein Erftstadt e. V."]
[BlackTeam "Schachfreunde München e. V."]
[WhiteFideId "16294637"]
[BlackFideId "34603336"]
[EventCountry "GER"]
[EventRounds "6"]
[EventType "team-swiss"]
[EventDate "2022.03.24"]

1. d4 d5 2. c4 c6 3. Nf3 Nf6 4. Nc3 Bf5 5. Bf4 a6 6. e3 h6 7. h3 e6 8. Qb3 Ra7
9. c5 Nbd7 10. Be2 b6 11. cxb6 Nxb6 12. Na4 Nxa4 13. Qxa4 Qb6 14. O-O Nd7 15.
Ne5 a5 16. Qxc6 Qxc6 17. Nxc6 Rb7 18. b3 Bb4 19. Nxb4 axb4 20. Rfc1 Ke7 21. a4
bxa3 22. Rxa3 f6 23. Rc7 Rhb8 24. Ba6 1/2-1/2

[Event "DVM U12 2021"]
[Site "Naumburg (Saale) GER"]
[Date "2022.03.26"]
[Round "3"]
[White "Schmitz, Constantin"]
[Black "Flierl, Veronika"]
[Result "0-1"]
[Termination "normal"]
[Board "8.3"]
[WhiteElo "1290"]
[BlackElo "1356"]
[WhiteTeam "Schachverein Erftstadt e. V."]
[BlackTeam "Schachfreunde München e. V."]
[WhiteFideId "16274660"]
[BlackFideId "34603697"]
[EventCountry "GER"]
[EventRounds "6"]
[EventType "team-swiss"]
[EventDate "2022.03.24"]

1. d4 d5 2. Nf3 Bf5 3. Bf4 e6 4. Nh4 Qxh4 5. Bxc7 Nc6 6. e3 Rc8 7. Bg3 Qd8 8.
c4 Nb4 9. Na3 Qa5 10. Qd2 Nd3+ 11. Bxd3 Bb4 12. Bxf5 Bxd2+ 13. Ke2 exf5 14. c5
Bb4 15. Nc2 Qa6+ 16. Kd1 Qd3+ 17. Kc1 Bd2+ 18. Kb1 b6 19. Bd6 bxc5 20. dxc5 Nf6
21. a3 Ne4 22. Be5 Rxc5 23. Ka2 Qc4+ 24. Kb1 Qxc2+ 25. Ka2 Nc3+ 26. Bxc3 Bxc3
27. Rab1 Rb5 28. Rhc1 Rxb2+ 29. Ka1 Ra2# 0-1

[Event "DVM U12 2021"]
[Site "Naumburg (Saale) GER"]
[Date "2022.03.26"]
[Round "3"]
[White "Savchenko, Maxim"]
[Black "Sander, Manuel"]
[Result "0-1"]
[Termination "normal"]
[Board "8.4"]
[WhiteElo "1141"]
[BlackElo "926"]
[WhiteTeam "Schachfreunde München e. V."]
[BlackTeam "Schachverein Erftstadt e. V."]
[WhiteFideId "34617051"]
[BlackFideId "34617060"]
[EventCountry "GER"]
[EventRounds "6"]
[EventType "team-swiss"]
[EventDate "2022.03.24"]

1. e4 e5 2. Nf3 Nc6 3. Bc4 Bc5 4. c3 Nf6 5. d4 exd4 6. O-O O-O 7. cxd4 Bb6 8.
Re1 d5 9. exd5 Nxd5 10. a3 Bg4 11. Re4 Nf6 12. Bg5 Bxf3 13. gxf3 Bxd4 14. Ra2
Bxf2+ 15. Kxf2 Qxd1 16. Nd2 Nxe4+ 17. fxe4 Ne5 18. Be2 Ng4+ 19. Kf3 Nxh2+ 20.
Kf2 Ng4+ 21. Kf3 Qg1 22. Bh4 Rad8 23. Nf1 Rd1 24. Bxd1 Ne5+ 25. Ke2 Qg4+ 26.
Ke3 Qxd1 27. Nd2 Rd8 28. Bxd8 Ng4+ 29. Kd3 Nf2+ 30. Ke3 Qc2 31. Bg5 Qd3+ 32.
Kxf2 h6 33. Be3 f5 34. exf5 Qxf5+ 35. Ke2 Qb5+ 36. Kf2 Qf5+ 37. Ke2 Qh5+ 38.
Nf3 Qb5+ 39. Kf2 Qb3 40. Bxa7 Qxa2 41. Bd4 Qc4 42. Be5 g5 43. Bc3 Qf4 44. Ke2
b5 45. Ne5 c5 46. Nc6 Qe4+ 47. Kd2 Qxc6 48. Kc2 Qe4+ 49. Kd2 b4 50. Bf6 Qf4+
51. Kc2 Qxf6 52. axb4 cxb4 53. Kb3 h5 54. Kc2 h4 55. b3 h3 56. Kb1 h2 57. Ka2
Qc3 58. Kb1 h1=Q+ 59. Ka2 Qha1# 0-1

[Event "DVM U12 2021"]
[Site "Naumburg (Saale) GER"]
[Date "2022.03.26"]
[Round "3"]
[White "Weber, Nikita"]
[Black "Fruth, David"]
[Result "0-1"]
[Termination "normal"]
[Board "9.1"]
[WhiteElo "1243"]
[BlackElo "1607"]
[WhiteTeam "Vorwärts Orient Mainz"]
[BlackTeam "USV TU Dresden"]
[WhiteFideId "34608770"]
[BlackFideId "16257596"]
[EventCountry "GER"]
[EventRounds "6"]
[EventType "team-swiss"]
[EventDate "2022.03.24"]

1. c4 Nf6 2. Nc3 g6 3. g3 Bg7 4. Bg2 c5 5. Nf3 Nc6 6. a3 d6 7. d3 Bg4 8. h3
Bxf3 9. Bxf3 Rb8 10. e4 O-O 11. Be3 a6 12. Qd2 b5 13. cxb5 axb5 14. O-O Nd7 15.
Ne2 b4 16. axb4 Nxb4 17. d4 Nc6 18. e5 cxd4 19. Nxd4 Nxd4 20. Bxd4 Nxe5 21.
Bxe5 Bxe5 22. Rab1 Qb6 23. Rfc1 Bxg3 24. Rc6 Qa7 25. Qc2 Bh4 26. b4 Rb5 27. Rc4
Bf6 28. h4 Rf5 29. Kg2 Kg7 30. b5 Rb8 31. Ra4 Qd7 32. Bg4 Qb7+ 33. Kg1 Rxb5 34.
Rxb5 Qxb5 35. Be2 Qe5 36. Qe4 Qc3 37. h5 Be5 38. Qh4 Qc1+ 39. Kg2 Rb1 40. h6+
Qxh6 41. Qxh6+ Kxh6 42. f4 Bf6 43. f5 gxf5 44. Rf4 Kg5 45. Rf3 Rc1 46. Bd3 e6
47. Rg3+ Kh6 48. Be2 Rc2 49. Re3 Bg5 50. Rh3+ Kg6 51. Kf1 h6 52. Bd3 Rb2 53.
Kg1 Kf6 54. Kf1 d5 55. Kg1 Rb3 56. Kf2 e5 57. Kg2 e4 58. Kh1 Rxd3 0-1

[Event "DVM U12 2021"]
[Site "Naumburg (Saale) GER"]
[Date "2022.03.26"]
[Round "3"]
[White "Eichner, Tim"]
[Black "Mohammadzadeh, Daris"]
[Result "0-1"]
[Termination "normal"]
[Board "9.2"]
[WhiteElo "1460"]
[BlackElo "1335"]
[WhiteTeam "USV TU Dresden"]
[BlackTeam "Vorwärts Orient Mainz"]
[WhiteFideId "34617213"]
[BlackFideId "34604359"]
[EventCountry "GER"]
[EventRounds "6"]
[EventType "team-swiss"]
[EventDate "2022.03.24"]

1. e4 c5 2. Nf3 g6 3. d4 cxd4 4. Qxd4 Nf6 5. Nc3 Nc6 6. Qa4 d6 7. e5 dxe5 8.
Nxe5 Bd7 9. Nxd7 Qxd7 10. Be3 a6 11. Rd1 Qc8 12. Be2 Bg7 13. O-O O-O 14. Bf3 b5
15. Qb3 Qc7 16. Nd5 Nxd5 17. Qxd5 Ne5 18. Qxa8 Rxa8 19. Bxa8 Nc4 20. Bd4 Nxb2
21. Bxb2 Bxb2 22. Be4 Qc4 23. Rd8+ Kg7 24. Bd3 Qxa2 25. Ra8 Bc3 26. Bxb5 Qd5
27. Rc8 Be5 28. Bxa6 Qe6 29. Rc5 Bxh2+ 30. Kxh2 Qd6+ 31. g3 Qxc5 32. c4 h5 33.
Bb5 Qg5 34. f4 Qf5 35. Rc1 Qc5 36. Ba4 Qa3 37. Re1 Qxa4 38. c5 Qc2+ 39. Kh3
Qxc5 40. Rf1 Qf5+ 41. Kh2 Qg4 42. Kg2 h4 43. f5 Qxg3+ 44. Kh1 h3 45. f6+ Kh6
46. Rg1 Qxg1+ 47. Kxg1 exf6 48. Kh2 f5 49. Kxh3 f4 50. Kg4 g5 51. Kf3 Kh5 52.
Kg2 g4 53. Kh2 Kh4 54. Kg2 f3+ 55. Kh2 f2 56. Kg2 g3 57. Kf1 Kh3 58. Ke2 Kg2
59. Ke3 f1=Q 60. Ke4 Qf6 61. Ke3 Qe5+ 62. Kd3 Kf2 63. Kc4 Qd6 64. Kc3 Ke3 65.
Kc2 Qd3+ 66. Kb2 Kd2 67. Ka1 Kc2 68. Ka2 Qa6# 0-1

[Event "DVM U12 2021"]
[Site "Naumburg (Saale) GER"]
[Date "2022.03.26"]
[Round "3"]
[White "Wolf, Noah"]
[Black "Sato, Kai Nathan"]
[Result "0-1"]
[Termination "normal"]
[Board "9.3"]
[WhiteElo "1125"]
[BlackElo "1151"]
[WhiteTeam "Vorwärts Orient Mainz"]
[BlackTeam "USV TU Dresden"]
[WhiteFideId "34616985"]
[BlackFideId "34605630"]
[EventCountry "GER"]
[EventRounds "6"]
[EventType "team-swiss"]
[EventDate "2022.03.24"]

1. e4 e5 2. Nf3 Nc6 3. Bc4 Bc5 4. c3 Nf6 5. d4 exd4 6. O-O dxc3 7. Nxc3 d6 8.
Bg5 h6 9. Bh4 Bg4 10. Nd5 g5 11. Bg3 Ne5 12. Bxe5 dxe5 13. Nxf6+ Qxf6 14. Rc1
Bb6 15. Qd3 Bxf3 16. Qxf3 Qxf3 17. gxf3 c6 18. b4 Bd4 19. Rcd1 Ke7 20. Kg2 Rhd8
21. Rd3 a5 22. b5 cxb5 23. Bxb5 Rac8 24. a4 Rc2 25. Rb3 b6 26. Bd3 Ra2 27. Bb5
Rc8 28. f4 gxf4 29. Rf3 Rcc2 30. Kg1 Ra1 31. Rxa1 Bxa1 32. Kg2 Bd4 33. Kg1 Rc1+
34. Kg2 Re1 35. Bc6 Ke6 36. Bd5+ Kf6 37. Rh3 Kg6 38. Rf3 f5 39. exf5+ Kxf5 40.
Bc6 Re2 41. Bb5 Rd2 42. Bd7+ Kg5 43. Bc6 h5 44. Kf1 Rc2 45. Bd5 Rc3 46. Rxc3
Bxc3 47. f3 h4 48. h3 Kf6 49. Ke2 Ke7 50. Kd3 Kd6 51. Be4 Be1 52. Kc4 Bf2 53.
Bf5 Be3 54. Be4 Bd4 55. Bf5 Bb2 56. Be4 Bc1 57. Bf5 Bd2 58. Be4 Be1 59. Bf5 b5+
60. axb5 a4 61. Kd3 Kc5 62. Bd7 a3 63. Kc2 e4 64. fxe4 f3 65. b6 Kxb6 66. Bg4
f2 67. Be2 Kc5 68. e5 Kd5 69. e6 Kxe6 70. Kb3 Bb4 71. Ka2 Ke5 72. Kb3 Kf4 73.
Ka2 Kg3 74. Bf1 Kh2 75. Kb3 Kg1 76. Be2 f1=Q 77. Bxf1 Kxf1 78. Ka2 Kg2 79. Kb3
Kxh3 80. Ka2 Kg2 81. Kb3 h3 82. Ka2 h2 83. Kb3 h1=Q 84. Kxb4 a2 85. Kc4 a1=R
86. Kd4 Ra3 87. Kc5 Qh4 88. Kb6 Qh5 89. Kb7 Qh6 90. Kc8 Qh7 91. Kb8 Rg3 92. Kc8
Rg8# 0-1

[Event "DVM U12 2021"]
[Site "Naumburg (Saale) GER"]
[Date "2022.03.26"]
[Round "3"]
[White "Nebes, Joel"]
[Black "Weidemann, Max"]
[Result "1-0"]
[Termination "normal"]
[Board "9.4"]
[WhiteElo "1187"]
[BlackElo "947"]
[WhiteTeam "USV TU Dresden"]
[BlackTeam "Vorwärts Orient Mainz"]
[WhiteFideId "34617108"]
[BlackFideId "34617000"]
[EventCountry "GER"]
[EventRounds "6"]
[EventType "team-swiss"]
[EventDate "2022.03.24"]

1. e4 e5 2. Nf3 Nc6 3. Bc4 Bc5 4. b4 Bxb4 5. c3 Bc5 6. d4 exd4 7. O-O dxc3 8.
Bxf7+ Kxf7 9. Qd5+ Ke8 10. Qh5+ Kf8 11. Qxc5+ d6 12. Qa3 Qe7 13. Nxc3 Nf6 14.
Bg5 Be6 15. Rfe1 Kf7 16. Nd5 Qd7 17. Nxf6 gxf6 18. Bh4 Rad8 19. Qb2 Ne5 20.
Nxe5+ dxe5 21. Qxb7 c5 22. Qb2 Rhg8 23. Bg3 Qd4 24. Qc1 c4 25. Qh6 Rg7 26. Bh4
Rg6 27. Qxh7+ Rg7 28. Qh5+ Rg6 29. Red1 Qxe4 30. Qh7+ Ke8 31. Bg3 Rxd1+ 32.
Rxd1 Qc2 33. Rf1 Bf7 34. Qh8+ Ke7 35. Qc8 Qxa2 36. Qc5+ Ke8 37. Rd1 a5 38. Qc7
Kf8 39. h3 Kg8 40. Rd8+ Kg7 41. Rd7 c3 42. Qxc3 a4 43. Ra7 Kg8 44. Qb4 Bb3 45.
Qb8# 1-0

[Event "DVM U12 2021"]
[Site "Naumburg (Saale) GER"]
[Date "2022.03.27"]
[Round "4"]
[White "Zhang, Yibo"]
[Black "Klaska, Philipp Leon"]
[Result "0-1"]
[Termination "normal"]
[Board "3.1"]
[WhiteElo "1397"]
[BlackElo "1958"]
[WhiteClock "00:10:24"]
[BlackClock "00:11:33"]
[WhiteTeam "SV Stuttgart-Wolfbusch 1956 e.V."]
[BlackTeam "Düsseldorfer Schachverein 1854"]
[PlyCount "92"]
[WhiteFideId "16287657"]
[BlackFideId "16238044"]
[EventCountry "GER"]
[EventRounds "6"]
[EventType "team-swiss"]
[EventDate "2022.03.24"]

1. e4 {[%clk 1:30:58]} c5 {[%clk 1:30:40]} 2. Nf3 {[%clk 1:31:19]} e6 {[%clk
1:31:02]} 3. d4 {[%clk 1:31:43]} cxd4 {[%clk 1:31:29]} 4. Nxd4 {[%clk 1:32:06]}
a6 {[%clk 1:31:56]} 5. Nc3 {[%clk 1:32:25]} Qc7 {[%clk 1:32:22]} 6. Bd3 {[%clk
1:32:38]} b5 {[%clk 1:32:00]} 7. O-O {[%clk 1:32:31]} Bb7 {[%clk 1:32:12]} 8.
Qe2 {[%clk 1:32:18]} Nf6 {[%clk 1:29:07]} 9. a4 {[%clk 1:31:52]} b4 {[%clk
1:28:07]} 10. Nb1 {[%clk 1:31:54]} Nc6 {[%clk 1:23:57]} 11. Be3 {[%clk
1:28:30]} d5 {[%clk 1:08:49]} 12. exd5 {[%clk 1:20:23]} Nxd5 {[%clk 1:05:15]}
13. c3 {[%clk 1:15:22]} Nxd4 {[%clk 0:58:45]} 14. cxd4 {[%clk 1:08:34]} Bd6
{[%clk 0:51:21]} 15. h3 {[%clk 1:06:22]} O-O {[%clk 0:47:25]} 16. Rc1 {[%clk
1:01:55]} Qe7 {[%clk 0:41:32]} 17. Nd2 {[%clk 0:55:48]} Nf4 {[%clk 0:38:29]}
18. Bxf4 {[%clk 0:54:04]} Bxf4 {[%clk 0:38:37]} 19. Re1 {[%clk 0:50:21]} Bxd2
{[%clk 0:29:01]} 20. Qxd2 {[%clk 0:49:34]} Rfd8 {[%clk 0:27:06]} 21. Rad1
{[%clk 0:44:22]} Bd5 {[%clk 0:25:23]} 22. Qe2 {[%clk 0:43:08]} a5 {[%clk
0:24:21]} 23. f3 {[%clk 0:37:58]} Kh8 {[%clk 0:21:22]} 24. Bc2 {[%clk 0:37:18]}
Rac8 {[%clk 0:20:15]} 25. b3 {[%clk 0:31:41]} Qg5 {[%clk 0:17:36]} 26. Qf2
{[%clk 0:30:21]} Rc3 {[%clk 0:16:50]} 27. Re5 {[%clk 0:23:57]} Qf6 {[%clk
0:16:11]} 28. Re3 {[%clk 0:18:38]} Rdc8 {[%clk 0:15:07]} 29. Rd2 {[%clk
0:17:44]} g6 {[%clk 0:13:38]} 30. Red3 {[%clk 0:13:02]} Qf4 {[%clk 0:12:41]}
31. Kh1 {[%clk 0:12:39]} Rxd3 {[%clk 0:12:45]} 32. Bxd3 {[%clk 0:09:54]} Rc1+
{[%clk 0:13:00]} 33. Bf1 {[%clk 0:10:07]} Rxf1+ {[%clk 0:13:23]} 34. Qxf1
{[%clk 0:10:31]} Qxd2 {[%clk 0:13:48]} 35. Qb5 {[%clk 0:10:39]} Qxd4 {[%clk
0:12:07]} 36. Qxa5 {[%clk 0:10:56]} Bxb3 {[%clk 0:11:24]} 37. Qb5 {[%clk
0:11:16]} Bd5 {[%clk 0:11:13]} 38. Qf1 {[%clk 0:10:13]} b3 {[%clk 0:11:17]} 39.
Qc1 {[%clk 0:09:19]} b2 {[%clk 0:10:48]} 40. Qh6 {[%clk 0:08:56]} b1=Q+ {[%clk
0:10:33]} 41. Kh2 {[%clk 0:09:16]} Kg8 {[%clk 0:10:19]} 42. Qg5 {[%clk
0:09:07]} Qbg1+ {[%clk 0:10:35]} 43. Kg3 {[%clk 0:09:30]} Qdf2+ {[%clk
0:10:49]} 44. Kf4 {[%clk 0:09:37]} Qe3+ {[%clk 0:11:09]} 45. Kg4 {[%clk
0:09:58]} Qxg2+ {[%clk 0:11:33]} 46. Kh4 {[%clk 0:10:24]} Qexg5# 0-1